000 00323nam a2200121 a 4500
003 0
005 20250617135301.0
008 021126s19uu xx 00 eng d
050 _aPHS '00
_bC36 #7
100 _aChang, Chiao-Fei
245 _aThe Perception of workers of Je-Tien company regarding abortion.
942 _cPASS
_2lcc
999 _c96389
_d96389